Loading...
| Fine Arts - Other | 0 | 3 | 0 | 1 | 30 | 44 | 88.33 | 0 | 2 | 0.00 | 0.00 |
| Religion | 0 | 3 | 0 | 1 | 30 | 83 | 124.33 | 0 | 1 | 0.00 | 0.00 |
| Literature - World | 0 | 3 | 0 | 0 | 30 | 78 | 99.67 | 1 | 3 | 0.00 | 0.00 |
| Literature - European | 0 | 2 | 0 | 0 | 20 | 83 | 102.00 | 0 | 1 | 0.00 | 0.00 |
| Literature - British | 0 | 2 | 0 | 1 | 20 | 100 | 119.00 | 0 | 0 | 0.00 | 0.00 |
| Mythology | 0 | 2 | 0 | 2 | 20 | 141 | 141.00 | 0 | 1 | 0.00 | 0.00 |
| Pop Culture | 0 | 2 | 0 | 0 | 20 | 91 | 92.50 | 0 | 1 | 0.00 | 0.00 |
| Social Science | 0 | 1 | 0 | 1 | 10 | 124 | 124.00 | 0 | 1 | 0.00 | 0.00 |
| History - Other | 0 | 1 | 0 | 1 | 10 | 126 | 126.00 | 0 | 0 | 0.00 | 0.00 |
| Fine Arts - Painting and Sculpture | 0 | 1 | 0 | 0 | 10 | 105 | 105.00 | 0 | 0 | 0.00 | 0.00 |
| Other Academic | 0 | 1 | 0 | 0 | 10 | 75 | 75.00 | 0 | 0 | 0.00 | 0.00 |
| Philosophy | 0 | 1 | 0 | 0 | 10 | 87 | 87.00 | 0 | 1 | 0.00 | 0.00 |
| History - World | 0 | 1 | 0 | 0 | 10 | 37 | 37.00 | 1 | 1 | 0.00 | 0.00 |
| Literature - American | 0 | 1 | 0 | 0 | 10 | 124 | 124.00 | 0 | 0 | 0.00 | 0.00 |
| History - American | 0 | 0 | 1 | 0 | -5 | 0.00 | 0 | 0 | 0.00 | 0.00 |